Elements of civil Engineering . (Record no. 554501)

000 -LEADER
fixed length control field 00266nam a22001097a 4500
082 ## - DEWEY DECIMAL CLASSIFICATION NUMBER
Classification number 624
Author Mark BHA
100 ## - MAIN ENTRY--PERSONAL NAME
Personal name SS, Bhavikalti
245 ## - TITLE STATEMENT
Title Elements of civil Engineering .
300 ## - PHYSICAL DESCRIPTION
Dimensions 23cm
942 ## - ADDED ENTRY ELEMENTS (KOHA)
Source of classification or shelving scheme
Koha item type Book
Holdings
Withdrawn status Lost status Source of classification or shelving scheme Damaged status Not for loan Permanent Location Current Location Date acquired Total Checkouts Total Renewals Full call number Barcode Date last seen Date last checked out Price effective from Koha item type
          School of Civil and Environmental Engineering (SCEE) School of Civil and Environmental Engineering (SCEE) 04/07/2021 2 2 624 BHA NIT-3735 01/02/2025 10/28/2024 04/07/2021 Book
© 2023 Central Library, National University of Sciences and Technology. All Rights Reserved.